Словарь-справочник по современной тектонической терминологии

Bibliographic Details
Main Author: Борукаев Ч. Б. Чермен Бейбулатович
Corporate Author: Российская академия наук Сибирское отделение Объединенный институт геологии, геофизики и минералогии им. А. А. Трофимука
Summary:В работе собраны, систематизированы и истолкованы тектонические термины, применяемые в современной геологической литературе и отражающие состояние современной парадигмы - концепции неомобилизма. Приведен ряд обиходных терминов из смежных областей геологии, часто встречающихся в тектонической литературе. Для большинства терминов даны английские, а для некоторых и другие иноязычные эквиваленты. Для специалистов в различных областях геологии, смежных с тектоникой, а также студентов, магистрантов и аспирантов геологических специальностей.
Language:Russian
Published: Новосибирск, Изд-во СО РАН, 1999
Series:Труды Объединенного института геологии, геофизики и минералогии СО РАН Вып. 840
Subjects:
Format: Book
KOHA link:https://koha.lib.tpu.ru/cgi-bin/koha/opac-detail.pl?biblionumber=367763

MARC

LEADER 00000nam0a2200000 4500
001 367763
005 20231102012021.0
010 |a 5769201681 
035 |a (RuTPU)RU\TPU\retro\25126 
090 |a 367763 
100 |a 20220322d1999 km y0rusy50 ca 
101 0 |a rus 
102 |a RU 
105 |a a eg 001zy 
200 1 |a Словарь-справочник по современной тектонической терминологии  |f Ч. Б. Борукаев  |g Российская академия наук, Сибирское отделение, Объединенный институт геологии, геофизики и минералогии им. А. А. Трофимука 
210 |a Новосибирск  |c Изд-во СО РАН  |d 1999 
215 |a 70 с.  |c ил. 
225 1 |a Труды Объединенного института геологии, геофизики и минералогии СО РАН  |v Вып. 840 
316 |5 63413507: КР-7465  |a На форзаце дарственная надпись: «Дорогому Леониду Петровичу. С наилучшими пожеланиями и уверенностью в дальнейших успехах в деле воспитания Сибирских геологов третьего тысячелетия. А. Ножкин 13.X.99 г. Томск"  
317 |5 63413507: КР-7465  |a Поступил в НТБ в 2021 г. в дар от семьи профессора ТПУ Л. П. Рихванова 
320 |a Список литературы: с. 57-58 
320 |9 572  |a Указатель терминов: с. 59-69 
330 |a В работе собраны, систематизированы и истолкованы тектонические термины, применяемые в современной геологической литературе и отражающие состояние современной парадигмы - концепции неомобилизма. Приведен ряд обиходных терминов из смежных областей геологии, часто встречающихся в тектонической литературе. Для большинства терминов даны английские, а для некоторых и другие иноязычные эквиваленты. Для специалистов в различных областях геологии, смежных с тектоникой, а также студентов, магистрантов и аспирантов геологических специальностей. 
606 1 |a Тектоника  |x Терминология  |2 stltpush  |3 (RuTPU)RU\TPU\subj\58774  |9 76525 
610 1 |a Библиотека Л. П. Рихванова 
610 1 |a термины 
610 1 |a словари 
610 1 |a справочники 
610 1 |a геология 
610 1 |a тектонические процессы 
610 1 |a литосфера 
610 1 |a дары библиотеке 
610 1 |a дарственные надписи 
675 |a 551.24:001.4(03)  |v 4 
700 1 |a Борукаев  |b Ч. Б.  |g Чермен Бейбулатович 
712 0 2 |a Российская академия наук  |b Сибирское отделение  |b Объединенный институт геологии, геофизики и минералогии им. А. А. Трофимука  |c (Новосибирск)  |2 stltpush  |3 (RuTPU)RU\TPU\col\217  |9 23283 
801 1 |a RU  |b 63413507  |c 20220322 
801 2 |a RU  |b 63413507  |c 20220712  |g RCR 
942 |c BK